| 000 | 00971nam a22002057a 4500 | ||
|---|---|---|---|
| 999 |
_c13688 _d13688 |
||
| 003 | AR-CdUCM | ||
| 008 | 190416b ||||| |||| 00| 0 spa d | ||
| 040 |
_aMUNICIPALIDAD PROVINCIAL DEL CUSCO _cBIBLIOTECA MUNICIPAL DEL CUSCO |
||
| 082 |
_a377.6 / _bN39 |
||
| 100 |
_aNemilow, A. W. _928721 |
||
| 245 | _aLa tragedia Biológica y social de la mujer / | ||
| 300 |
_a8-93 páginas ; _c18 cm. |
||
| 500 |
_aDedicatoria a Luis Nieto. _aEl texto carece de tapa y contratapa y paginas del 1 al 7. |
||
| 505 | _aContenido: La vida sexual en el hombre y en los animales -- Puede evadirse el hombre de la dominación del sexo -- La diferenciación de los sexos en el hombre -- La vida de la mujer se halla indisolublemente ligada a sus glándulas germinativas -- La madurez sexual como segunda etapa del individuo sexual ... | ||
| 650 |
_aMujeres _93760 |
||
| 650 |
_aEducación sexual _96369 |
||
| 650 |
_aGénero _92365 |
||
| 942 |
_2ddc _cLIBROS |
||
| 945 |
_aachl _d2019-04-16 |
||